Countries that hate North Korea - Statistics

General Stats
  • This quiz has been taken 249 times
  • The average score is 10 of 15
Answer Stats
Answer % Correct
United States of America
97%
South Korea
96%
Japan
91%
United Kingdom
85%
France
78%
Canada
76%
Germany
76%
Spain
65%
Taiwan
63%
Australia
61%
China
61%
Mexico
58%
Brazil
57%
Greece
35%
Peru
21%
No matching quizzes found
Score Distribution
Percent of People with Each Score
Percentile by Number Answered
Your Score History
You have not taken this quiz